Statistics for Geographic Word Chain

Click here to take the quiz!

General Stats

  • This quiz has been taken 101 times
  • The average score is 8 of 13

Answer Stats

HintAnswer% Correct
Only country in the world beginning with 'O'?Oman
100%
City where pizza supposedly originated?Naples
88%
Mountain range forming the natural boundary between Europe and Asia?Ural
83%
Least visited country in the world?Nauru
80%
Country whose flag is the only one in the world not to be rectangular in shape?Nepal
76%
Longest one-word country name?Liechtenstein
56%
Longest river in metropolitan France?Loire
56%
Country whose largest city is Guayaquil?Ecuador
51%
Historical region of Croatia in which Split and Dubrovnik are found?Dalmatia
48%
Most populated city in the Cote d'Ivoire (Ivory Coast)?Abidjan
40%
2011 winners and 2012 hosts of the Eurovision Song Contest?Azerbaijan
30%
Overseas territory ('special collectivity') of France located 750miles east of Australia?New Caledonia
27%
Northernmost settlement in the world with a permanent civilian population?Svalbard
17%

Score Distribution

Percentile by Number Answered

Percent of People with Each Score

Your Score History

You have not taken this quiz